| Tag |
First Indicator |
Second Indicator |
Subfields |
| LEADER |
00000cam a2200000 i 4500 |
| 001 |
in00000013735 |
| 005 |
20151007052423.0 |
| 008 |
761023s1976 enkace b 00010 eng |
| 010 |
|
|
|a 76377195
|
| 015 |
|
|
|a GB76-20360
|
| 020 |
|
|
|a 050081015X :
|c £2.50
|
| 035 |
|
|
|a (OCoLC)02595761
|
| 035 |
|
|
|9 AAA7703AM
|
| 040 |
|
|
|a DLC
|c DLC
|d m/c
|d TXA
|d UtOrBLW
|
| 049 |
|
|
|a TXAM
|c [A11048709]
|
| 050 |
0 |
0 |
|a BP189.3
|b .B34
|
| 050 |
|
4 |
|a BP189.3
|b .B34 1979
|
| 082 |
0 |
|
|a 297/.4
|
| 100 |
1 |
|
|a Bakhtiar, Laleh.
|
| 245 |
1 |
0 |
|a Sufi :
|b expressions of the mystic quest /
|c [by] Laleh Bakhtiar.
|
| 264 |
|
1 |
|a London :
|b Thames and Hudson,
|c 1976
|
| 264 |
|
3 |
|c 1979 printing
|
| 300 |
|
|
|a 120 pages :
|b illustrations (some color), plans, portraits ;
|c 26 cm.
|
| 336 |
|
|
|a text
|b txt
|2 rdacontent
|
| 337 |
|
|
|a unmediated
|b n
|2 rdamedia
|
| 338 |
|
|
|a volume
|b nc
|2 rdacarrier
|
| 490 |
1 |
|
|a Art and imagination
|
| 504 |
|
|
|a Bibliography: page 120.
|
| 650 |
|
0 |
|a Sufism.
|
| 830 |
|
0 |
|a Art and imagination.
|
| 999 |
|
|
|a MARS
|
| 999 |
f |
f |
|s 1bf8131a-e455-3e6a-bc72-a30a4e413d5b
|i 8bfc4fbd-0c6d-3173-9ca6-91f84b74c0b4
|t 0
|
| 952 |
f |
f |
|p ric
|a Texas A&M University
|b Rellis Campus
|c Joint Library Facility
|d Remote Storage
|t 0
|e BP189.3 .B34 1979
|h Library of Congress classification
|i unmediated -- volume
|m A14811048709
|
| 998 |
f |
f |
|a BP189.3 .B34 1979
|t 0
|l Remote Storage
|